MDQL
is popping MORE tags! Check the
thread
!
Quizzes
Events
Quiz Creation
Community
Videos
Private Events
Remove Ads
Sign In
Join for FREE
Feedback
Dark Mode
Quiz Categories
Sports
Geography
Music
Movies
Television
Just For Fun
Miscellaneous
History
Literature
Language
Science
Gaming
Entertainment
Religion
Holiday
For Kids
Quiz Lab
Recent
Popular Today
Quiz Kudos Today
Editor Picks
Curator Picks
Quizzes by...
Day
Popularity
Type
Ratings
Length
Year
Community
Subscriptions
Recent Discussions
Orange Saloon
Badges
Playlists
Quests
Create
Leaderboards
Showdown
Live 5
Trivia Bingo
Activity
Puzzle Library
Sporcle Events
Private Events
Virtual Trivia
Globe League
Become a Host
Pub Owners
SporcleCon
Opinionation
Our Games
Videos
Blog
Mobile Apps
Partnerships
Remove Ads and Go Orange
Feedback
Just For Fun
Clickable
Get the Picture
Humor
Quick Pick
Word Ladder
Missing Word
Mixed Word
Blitz
Minefield
This or That
Alphabet
Color
Typing
Sporcle
Puzzle
Word Play
Follow That Line
Logic
Just For Fun
Clickable
Get the Picture
Humor
Quick Pick
Word Ladder
Missing Word
Mixed Word
Blitz
Minefield
This or That
Alphabet
Color
Typing
Sporcle
Puzzle
Word Play
Follow That Line
Logic
Random Quiz
Search Sporcle
×
Quiz Lab
Quiz Lab
Just For Fun
Money
Type in answers that appear in a list
Type in answers that appear in a list
Classic
Best Score? Go Orange.
18 Names for Money Stats
Can you name the synonyms for money?
By
cherrycoke
2m
18 Questions
285 Plays
285 Plays
285 Plays
Comments
Comments
Give Quiz Kudos
Give Quiz Kudos
-
- Ratings
hide this ad
More Info
Replay
Link that replays current quiz
Next Quiz
Link to next quiz in quiz playlist
You Got
0%
They Got
Avg Score
24%
Avg Friend Score
Upgrade to see
Score Distribution
Jump to the score distribution portion of the page
Score
0/18
Timer
02:00
0
Plays Today
Clue
Synonym
% Correct
From banking terminology
Cash
83.2%
The soft stuff
Dough
45.3%
From the flip side the Demand Note (Yankee money used in the War of Northern Aggression)
Greenbacks
43.9%
The hard stuff
Coin
41.1%
I got nothing (but you shouldn't need help with this one)
Moola
37.9%
Frankly named for the mug on the C-
note
Benjamins
35.8%
Dates back to 17th century fur traders
Bucks
33.3%
A word pirated from the 15th century
Booty
23.2%
From the spoils of war
Loot
16.1%
Clue
Synonym
% Correct
A term that was current as far back as the 1600s
Currency
14.4%
Attributed to hipster and legendary jazz musician Lester Young in the 1930s
Bread
10.9%
Sounds like it has to do with eking or clawing out an existence
Scratch
9.8%
From money’s color
Lettuce
9.5%
From money’s color (but healthier)
Cabbage
7.4%
Originally from the late 1800s, but now mainly used when visiting SimCity
Simoleons
7%
Anything accepted for payment of a debt
Legal Tender
6.7%
From the 1990s
Bones
6.3%
From native American jewelry
Clams
4.6%
Quiz Playlist
Details
Report
Send in Message
Add To Playlist
More Info:
The clues, though farily historically accurate and intended to help maximize your potential, may only be distracting.
Classic:
Type in answers that appear in a list
Last Updated: Feb 16, 2017
Quiz Scoreboard
CHALLENGE
Sign Up to Join the Scoreboard
Show All
Scores
Hide
Comments
May contain spoilers
Recently Published
Find the 'City' Movie
by crazypaving
Movies
60s
5x2 Blitz: Bands
by SL_Kpop136
Music
30s
Colored Red Africa Blitz
by spor1
Geography
30s
More to Explore
Quiz From the Vault
Featured Blog Post
14 Easter Pick-up Lines to Find Eggs With
hide this ad
You Might Also Like...
Tags
Money
Synonym
Today's Top Quizzes in Just For Fun
Browse Just For Fun
hide this ad
Today's Top Quizzes in Money
Browse Money
Top Contributed Quizzes in Just For Fun
1
Name Just One - 10 to 1: Just For Fun
2
Avatar the Last Airbender: Logic Puzzle
3
Missing Word: 2-Letter A-Z II
4
Missing Letter Whitney Houston Songs
5
Survivor Winners Logic Puzzle
6
It's Magic / Witchcraft 🎩🪄🧙♀️
7
Missing Word: 'Of' Things A-Z
8
Shadowhunters Protagonists Logic Quiz
9
Quick 5-Color Logic (18)
10
Medium Renzoku Puzzle 11
Explore More
Trending Topics
NBA
Harry Potter
Anime
Marvel
Crossword
Disney
Kpop
NFL
The Office
Puzzle
Country
WWE
Song
Pokémon
Soccer
hide this ad
More By:
cherrycoke
Quiz
Plays
Rating
Category
Featured
Created
18 Names for Money
285
5.00
Just For Fun
Apr 18, 2010
Sound Alike Film Titles
215
2.50
Movies
Apr 19, 2010
Top Selling Albums (1965-1969)
114
2.33
Music
Apr 18, 2010
Go to Creator's Profile
Score Distribution
Quiz Creator Spotlight
cherrycoke
Follow
Send a Message
Quizzes Created
-
Created Quiz Play Count
-
More By This Creator
Popular Quizzes Today
1
Colored Red Africa Blitz
2
Find the 'City' Movie
3
Find the US States - No Outlines Minefield
4
5x2 Blitz: Bands
5
The Countries of the World
6
Find the US States
7
Find the Countries of Europe - No Outlines Minefield
8
US States
More Just For Fun Quizzes
Missing Word: Covering Your Tracks V
Published
Trending Quizzes
Colored Red Europe Blitz I
Colored Red Africa Blitz II
Colored Red Europe Blitz II
Colored Red Europe Blitz III
Colored Red Africa Blitz III
Recently Updated
How Do You Spell That?
pecheneg
Godzilla Movies
pecheneg
Grab Bag: 4-10 Letters
pecheneg
2024 March Madness Bracket
pecheneg
Famous TV Couples
Peacemaker
Champions League XIs: Real Madrid
pecheneg
Largest US Cities 1790-2010
pecheneg
Rides in Walt Disney World
pecheneg
Most Oscar Losses (Acting)
pecheneg
Beyoncé Albums
pecheneg
Trending Topics
Disney
Kpop
Harry Potter
Marvel
Anime
Crossword
NBA
NFL
Country
Song
Puzzle
The Office
Pokémon
WWE
Soccer
Your Account Isn't Verified!
In order to create a playlist on Sporcle, you need to verify the email address you used during registration. Go to your
Sporcle Settings
to finish the process.
Report this User
Report this user for behavior that violates our
Community Guidelines
.
Details:
Send Report
Go to the Sporcle.com Mobile Site →
Comments